| 000 | 00604nam a2200181Ia 4500 | ||
|---|---|---|---|
| 008 | 160105s9999 xx 000 0 und d | ||
| 020 | _a92-64-22362-2 | ||
| 041 | _afre | ||
| 245 | _aLes 1000 villages socialistes en Algérie | ||
| 260 | _aParis | ||
| 260 | _bSyros | ||
| 260 | _c1983 | ||
| 500 | _aCote d'origine affectée par la BC : BC_604 69/B devient ER_663 | ||
| 654 | _xSOCIALISME/VILLAGE/EXPROPRIATION/POLITIQUE/REFORME AGRAIRE/ENVIRONNEMENT SOCIOECONOMIQUE/INFRASTRUCTURE/POLITIQUE AGRICOLE/DEVELOPPEMENT AGRICOLE/ALGERIE | ||
| 942 | _c09 | ||
| 994 | _a108689 | ||
| 999 |
_c8604 _d36602 |
||